| 000 | 00897nam a2200301uu 4500 | ||
|---|---|---|---|
| 001 | 200429669 | ||
| 003 | TR-AnTOB | ||
| 005 | 20241121145652.0 | ||
| 008 | 180425s2018 tu tur | ||
| 020 | _a9789755906690 | ||
| 040 |
_aTR-AnTOB _beng _cTR-AnTOB _erda |
||
| 041 | 0 | _atur | |
| 060 | 4 |
_aQZ 15 _bU48 2018 |
|
| 096 |
_aQZ15 _bU48 2018 |
||
| 245 | 1 |
_aUluslararası hastalık sınıflandırması : _bonkoloji / _cyay.haz. Sağlık Bilgi Sistemleri Genel Müd. |
|
| 250 | _a3.bs | ||
| 264 | 1 |
_aAnkara : _bSağlık Bakanlığı, _c2018. |
|
| 300 |
_ax, 243 s. _c13 cm |
||
| 336 |
_2rdacontent _atext _btxt |
||
| 337 |
_2rdamedia _aunmediated _bn |
||
| 338 |
_2rdacarrier _avolume _bnc |
||
| 490 | 0 |
_aT.C. Sağlık Bakanlığı ; _v1071 |
|
| 650 | 1 | 2 |
_aNeoplasms _9119996 |
| 650 | 2 |
_aNeoplasms _9119996 |
|
| 902 | _a0015370 | ||
| 942 |
_2NLM _cBK |
||
| 999 |
_c200429669 _d47593 |
||